| 000 | 02094cam a2200433 a 4500 | ||
|---|---|---|---|
| 090 | _c10435 | ||
| 001 | 14828756 | ||
| 005 | 20080707151909.0 | ||
| 008 | 070430s2007 mnua f 001 0 eng | ||
| 010 | _a 2007018211 | ||
| 020 | _a9781589233324 (soft cover) | ||
| 020 | _a1589233328 (soft cover) | ||
| 035 | _a(OCoLC)ocn123955222 | ||
| 035 |
_a(OCoLC)123955222 _z(OCoLC)148901772 |
||
| 037 |
_a1273249 _bQBI |
||
| 040 |
_aDLC _cDLC _dQBX _dBAKER _dBTCTA _dVPL _dDLC |
||
| 042 | _alcac | ||
| 050 | 0 | 0 |
_aTH2525 _b.F48 2007 |
| 082 | 0 | 0 |
_a690.16 _222 _bCOM |
| 245 | 0 | 4 |
_aThe complete Guide to Floor Dâecor : _bBeautiful, Long-lasting Floors You Can Design & Install. |
| 246 | 3 | 0 | _aFloor decor |
| 246 | 3 | _aBlack & Decker the complete guide to floor decor | |
| 246 | 3 | _aBlack and Decker the complete guide to floor decor | |
| 260 |
_aChanhassen, Minn. : _bCreative Pub. International, _cc2007. |
||
| 300 |
_a272 p. : _bcol. ill. ; _c28 cm. |
||
| 500 | _aIncludes index. | ||
| 500 | _aAt head of title: Black & Decker. | ||
| 500 | _a"New & revised"--Cover. | ||
| 520 | _a"Includes comprehensive information on installing, repairing and maintaining all of the most common and popular floor types"--Provided by publisher. | ||
| 650 | 0 |
_aFlooring _vHandbooks, manuals, etc. |
|
| 650 | 0 |
_aFloors _xMaintenance and repair _vHandbooks, manuals, etc. |
|
| 710 | 2 | _aBlack & Decker Corporation (Towson, Md.) | |
| 856 | 4 | 1 |
_3Table of contents only _uhttp://www.loc.gov/catdir/toc/ecip0717/2007018211.html |
| 856 | 4 | 2 |
_3Publisher description _uhttp://www.loc.gov/catdir/enhancements/fy0728/2007018211-d.html |
| 856 | 4 | 2 |
_3Contributor biographical information _uhttp://www.loc.gov/catdir/enhancements/fy0737/2007018211-b.html |
| 942 |
_2ddc _cBB |
||
| 999 |
_c10435 _d10435 |
||